One Piece - Mihawk - Statistiques

Statistiques générales
  • Ce quiz a été pris 75 fois
    72 depuis la dernière actualisation
  • Le résultat moyen est 12 sur 18
Statistiques - réponses
Question Réponse % Correct
Race Humain
97%
Nom Complet Dracule Mihawk
92%
Fruit du démon Aucun
90%
Couleur de cheuveux Noir
85%
Fluide Royal Non
85%
Fluide Perceptif Oui
85%
Fluide Offensif Oui
85%
Âge 43 Ans
80%
Fruit du démon éveillé Non
78%
Première apparition Baratie
76%
Arme(s) sabre
73%
Affiliation Cross Guild
71%
Epithète "Oeil de Faucon"
58%
Tatouage Aucun
53%
Occupation Pirate ou Sabreur
53%
Taille 1m98
51%
Prime 3.590.000.000 Berrys
27%
Chapeau Chapeau de Mousquetaire
7%
Aucun quiz correspondant
Distribution des résultats
% des personnes avec chaque résultat
Percentile par nombre de réponses
Votre historique - résultats
Vous n’avez pas pris ce quiz depuis la dernière actualisation